Inmigrantes coreanos : prácticas simbólicas en la imagen espacial cognitiva del Barrio Patronato

Antes de empezar en el contexto histórico del Barrio de “La Chimba”, hay que entender según Sennet, 2003, que la ciudad puede ser comprendida como el lugar del orden y la coherencia pero, también de la experimentación de la diferencia, de la multiculturalidad (García, 1995) y además, dela sobreabund...

Descripción completa

Detalles Bibliográficos
Autor principal: Reyes Godoy, Camila
Otros Autores: González Quiroz, Pilar (profesora guía)
Formato: Tesis
Lenguaje:español
Publicado: Santiago, Chile: Universidad Academia de Humanismo Cristiano, 2018.
Materias:
Acceso en línea:Disponible en línea. Contenido parcial (PDF). Biblioteca Digital UAHC

MARC

LEADER 00000nmm a22000007a 4500
001 000321
003 UAHC_CL
005 20220909123337.0
008 180418s2018 cl o d 000 spa
040 |a UAHC_CL  |c UAHC_CL  |d UAHC_CL 
100 |a Reyes Godoy, Camila  |9 4249 
245 1 0 |a Inmigrantes coreanos :  |b prácticas simbólicas en la imagen espacial cognitiva del Barrio Patronato  |c Camila Reyes; profesor guía Pilar González. 
260 |a Santiago, Chile:  |b Universidad Academia de Humanismo Cristiano,  |c 2018. 
300 |a 156 páginas. 
500 |a Tesis para optar al Grado de Licenciado/a en Geografía y al Título de Geógrafo/a. 
502 |a Tesis (Licenciatura en Geografía) -- Universidad Academia de Humanismo Cristiano, 2018. 
516 |a Tesis electrónica (PDF). Solicitar envío de documento a biblioteca@academia.cl. 
520 |a Antes de empezar en el contexto histórico del Barrio de “La Chimba”, hay que entender según Sennet, 2003, que la ciudad puede ser comprendida como el lugar del orden y la coherencia pero, también de la experimentación de la diferencia, de la multiculturalidad (García, 1995) y además, dela sobreabundancia de los sentidos (Auge, 1992). Por lo tanto, según Márquez (2014), conocemos nuestra ciudad de Santiago como los rasgos inherentes a ella: la densidad de interacción, el intercambio y el movimiento, al igual que la presencia de fronteras geográficas y simbólicas de la construcción del espacio. 
650 0 |9 701  |a Inmigrantes  |z Chile 
700 |a González Quiroz, Pilar  |e profesora guía  |9 1088 
856 |u http://bibliotecadigital.academia.cl/xmlui/handle/123456789/4930  |y Disponible en línea. Contenido parcial (PDF). Biblioteca Digital UAHC 
900 |a TLGEO 58 
942 |c TS 
952 |0 0  |1 0  |4 0  |6 TLGEO_58_000000000000000  |7 0  |8 COMP  |9 90277  |a BC  |b BC  |c Digital  |d 2018-08-06  |o TLGEO 58  |r 2019-01-02 00:00:00  |w 2018-08-06  |y TS  |z Documento en PDF  |B GEO 
999 |c 50963  |d 50963